<?xml version="1.0" encoding="UTF-8"?>
<record
    xmlns:xsi="http://www.w3.org/2001/XMLSchema-instance"
    xsi:schemaLocation="http://www.loc.gov/MARC21/slim http://www.loc.gov/standards/marcxml/schema/MARC21slim.xsd"
    xmlns="http://www.loc.gov/MARC21/slim">

  <leader>00905nam a22001937a 4500</leader>
  <datafield tag="952" ind1=" " ind2=" ">
    <subfield code="0">0</subfield>
    <subfield code="1">0</subfield>
    <subfield code="2">lcc</subfield>
    <subfield code="4">0</subfield>
    <subfield code="7">0</subfield>
    <subfield code="a">12</subfield>
    <subfield code="b">12</subfield>
    <subfield code="d">2017-11-29</subfield>
    <subfield code="l">0</subfield>
    <subfield code="o">QA76 R85</subfield>
    <subfield code="p">24 000285</subfield>
    <subfield code="r">2023-08-08</subfield>
    <subfield code="t">1</subfield>
    <subfield code="w">2017-11-29</subfield>
    <subfield code="y">LB</subfield>
  </datafield>
  <datafield tag="999" ind1=" " ind2=" ">
    <subfield code="c">102753</subfield>
    <subfield code="d">102753</subfield>
  </datafield>
  <controlfield tag="005">20231102152043.0</controlfield>
  <controlfield tag="008">171129s2012    sp a|||| |||| 00| 0 spa d</controlfield>
  <datafield tag="020" ind1=" " ind2=" ">
    <subfield code="a">9788415648543</subfield>
  </datafield>
  <datafield tag="050" ind1=" " ind2=" ">
    <subfield code="a">QA76</subfield>
    <subfield code="b">R85</subfield>
  </datafield>
  <datafield tag="100" ind1=" " ind2=" ">
    <subfield code="a">Ruiz Cobos, Carmen M.</subfield>
    <subfield code="e">autor</subfield>
  </datafield>
  <datafield tag="245" ind1=" " ind2=" ">
    <subfield code="a">Aplicaciones inform&#xE1;ticas de gesti&#xF3;n</subfield>
    <subfield code="b">/ Nomina plus 2012</subfield>
    <subfield code="c">, Carmen M. Ruiz Cobos</subfield>
  </datafield>
  <datafield tag="260" ind1=" " ind2=" ">
    <subfield code="a">Espa&#xF1;a</subfield>
    <subfield code="b">: IC editorial</subfield>
    <subfield code="c">, 2012</subfield>
  </datafield>
  <datafield tag="300" ind1=" " ind2=" ">
    <subfield code="a">351 p&#xE1;ginas</subfield>
  </datafield>
  <datafield tag="505" ind1=" " ind2=" ">
    <subfield code="a">Acceso al plantel de gesti&#xF3;n: Interfaz
Men&#xFA; Global y &#xDA;tilidad
Tablas del sistema
 Alta y Configuraci&#xF3;n del Convenio Colectivo
Creaci&#xF3;n de Empres y Gesti&#xF3;n de las n&#xF3;minas de la Empresa
Los trabajadores
Contratos
C&#xE1;lculo y geti&#xF3;n de N&#xF3;nima
Impresos Oficiales e Informes</subfield>
  </datafield>
  <datafield tag="519" ind1=" " ind2=" ">
    <subfield code="a">Plan Flexible /</subfield>
    <subfield code="b">Inform&#xE1;tica /</subfield>
    <subfield code="c">Redes y Telecomunicaciones (LI740-2) /</subfield>
    <subfield code="d">(24 000285)</subfield>
  </datafield>
  <datafield tag="650" ind1=" " ind2="0">
    <subfield code="a">ALTA Y CONFIGURACI&#xD3;N</subfield>
  </datafield>
  <datafield tag="650" ind1=" " ind2="0">
    <subfield code="a">GESTI&#xD3;N DE N&#xD3;MINAS</subfield>
  </datafield>
  <datafield tag="942" ind1=" " ind2=" ">
    <subfield code="c">LB</subfield>
  </datafield>
</record>
